The political history of India, 1784 to 1823. (Record no. 136520)

MARC details
000 -LEADER
fixed length control field 00714nam a2200217 4500
010 ## - LIBRARY OF CONGRESS CONTROL NUMBER
LC control number 579829
035 ## - SYSTEM CONTROL NUMBER
System control number 579829
037 ## - SOURCE OF ACQUISITION
Source of stock number/acquisition Cen Lib / Ret
040 ## - CATALOGING SOURCE
Original cataloging agency DPL
Language of cataloging EN
082 ## - DEWEY DECIMAL CLASSIFICATION NUMBER
Classification number 954.082
Item number MAL
100 ## - MAIN ENTRY--PERSONAL NAME
Personal name Malcolm, John
245 ## - TITLE STATEMENT
Title The political history of India, 1784 to 1823.
Statement of responsibility, etc by John Malcolm ; edited by K. N. Panikkar
260 ## - PUBLICATION, DISTRIBUTION, ETC. (IMPRINT)
Place of publication, distribution, etc New Delhi
Name of publisher, distributor, etc Associated Publishing House
Date of publication, distribution, etc 1970
270 ## - ADDRESS
Address New Market Karol Bagh
City New Delhi
Postal code 110005
300 ## - PHYSICAL DESCRIPTION
Extent 2 v. ; 464
Other physical details 24cm(Hb)
490 ## - SERIES STATEMENT
Series statement Associated reprints
Volume number/sequential designation 1
650 ## - SUBJECT ADDED ENTRY--TOPICAL TERM
Topical term or geographic name as entry element India -- Politics and government -- 1765-1947.
650 ## - SUBJECT ADDED ENTRY--TOPICAL TERM
Topical term or geographic name as entry element Politics and government
700 ## - ADDED ENTRY--PERSONAL NAME
Personal name Panikkar, K. N.
942 ## - ADDED ENTRY ELEMENTS (KOHA)
Source of classification or shelving scheme Dewey Decimal Classification
Koha item type English Books
Classification part 954.082
Call number suffix MAL
Holdings
Withdrawn status Lost status Materials specified (bound volume or other part) Damaged status Not for loan Home library Current library Date acquired Source of acquisition Total Checkouts Full call number Barcode Date last seen Price effective from Koha item type Public note
Written off   v 2     Central Library Central Library 04/03/2016 Cen Lib/Ret   954.082 MAL 579829 04/03/2016 04/03/2016 English Books Written off on approval by DLB (By Circulation); dtd 15-06-2023

© Delhi Public Library
Hit Counter
free hit counter